Kỹ năng hoạt động dành cho luật sư trong vụ án hình sự

Khái quát về tranh tụng và những yêu cầu chung về tranh tụng ở Việt Nam; kỹ năng hoạt động của luật sư trong trao đổi với khách hàng, thân chủ, kỹ năng thu thập, kiển tra, đánh giá chứng từ, tham gia một số hoạt động điều tra và làm việc vo...

ver descrição completa

Na minha lista:
Detalhes bibliográficos
Autor principal: Nguyễn, Ngọc Chí
Formato: Livro
Idioma:Undetermined
Publicado em: Hà Nội Chính trị Quốc gia Sự thật 2019
Assuntos:
Tags: Adicionar Tag
Sem tags, seja o primeiro a adicionar uma tag!
Thư viện lưu trữ: Trung tâm Học liệu Trường Đại học Cần Thơ
LEADER 01184nam a2200205Ia 4500
001 CTU_238846
008 210402s9999 xx 000 0 und d
020 |c 45000 
082 |a 345.59701263 
082 |b Ch300 
100 |a Nguyễn, Ngọc Chí 
245 0 |a Kỹ năng hoạt động dành cho luật sư trong vụ án hình sự 
245 0 |c Nguyễn Ngọc Chí (Chủ biên) 
260 |a Hà Nội 
260 |b Chính trị Quốc gia Sự thật 
260 |c 2019 
520 |a Khái quát về tranh tụng và những yêu cầu chung về tranh tụng ở Việt Nam; kỹ năng hoạt động của luật sư trong trao đổi với khách hàng, thân chủ, kỹ năng thu thập, kiển tra, đánh giá chứng từ, tham gia một số hoạt động điều tra và làm việc với người tiến hành tố tụng, nghiên cứu hồ sơ, soạn thảo bản bào chữa, bản bảo vệ, kỹ năng tranh tụng tại phiên toà 
650 |a Luật sư,Lawyers 
910 |b nthai 
980 |a Trung tâm Học liệu Trường Đại học Cần Thơ